Cấu trúc hoá học - Tác dụng sinh vật /

Saved in:
Bibliographic Details
Main Author: Simiti, Joan.
Other Authors: Schwartz, Joan.
Format: Book (Paper)
Language:Vietnamese
Published: Hà Nội : Y học, 1979.
Tags: Add Tag
No Tags, Be the first to tag this record!
Institutions: Thư viện Trường Đại học Đà Lạt
LEADER 00626nam a2200265 4500
001 DLU020003402
005 ##19990507
040 # # |a DLU  |b vie 
041 # # |a vie 
044 # # |a vn 
082 # # |a 541.2  |b SI-I 
100 # # |a Simiti, Joan. 
245 # # |a Cấu trúc hoá học - Tác dụng sinh vật /  |c Simiti Joan, Schwartz Joan. 
260 # # |a Hà Nội :  |b Y học,  |c 1979. 
300 # # |a 293 tr. ;  |c 19 cm. 
700 # # |a Schwartz, Joan. 
992 # # |a 913 
994 # # |a DLU 
900 # # |a False 
911 # # |a Administrator 
925 # # |a G 
926 # # |a A 
927 # # |a SH 
980 # # |a Thư viện Trường Đại học Đà Lạt